Heterogeneous catalysis in practice /
Guardado en:
| Autor Principal: | |
|---|---|
| Formato: | Libro |
| Idioma: | English |
| Publicado: |
New York :
McGraw-Hill,
c1980.
|
| Series: | McGraw-Hill chemical engineering series
|
| Materias: | |
| Etiquetas: |
Agregar Etiqueta
Sin Etiquetas, Sea el primero en etiquetar este registro!
|
| LEADER | 00858pam a22002535a 4500 | ||
|---|---|---|---|
| 001 | EIQ.libpla000727 | ||
| 008 | 800128s1980####nyuao####b####001#0#eng#d | ||
| 005 | 20071114175554.0 | ||
| 245 | 1 | 0 | |a Heterogeneous catalysis in practice / |c Charles N. Satterfield. |
| 260 | |a New York : |b McGraw-Hill, |c c1980. | ||
| 300 | |a xvi, 416 p. : |b il., fotos ; |c 25 cm. | ||
| 440 | 0 | |a McGraw-Hill chemical engineering series | |
| 504 | |a Bibliografía: p. 370-378. | ||
| 500 | |a Incluye índice. | ||
| 020 | |a 0070548757 | ||
| 100 | 1 | |a Satterfield, Charles N. | |
| 082 | 0 | 0 | |a 660.2/995 |
| 650 | 4 | |a Catálisis heterogénea |x Aplicaciones. | |
| 650 | 4 | |a Catalizadores |x Reacciones. | |
| 650 | 4 | |a Heterogeneous catalysis |x Applications. | |
| 650 | 4 | |a Catalysts |x Reactions. | |
| 010 | |a 80010513 | ||
| 040 | |a DLC |c DLC |d AR-BbSID | ||
| 859 | |a AR-BbSID |b BIB. PLAPIQUI |h 541.395 |i Sa 81 |p 536 | ||
